| 000 | 01281nam0a22003131 4500 | ||
|---|---|---|---|
| 001 | rc\4149157 | ||
| 005 | 20250611110847.0 | ||
| 021 |
_aRU _b[48-5807] |
||
| 035 | _a(NLR Aleph) 008168569 | ||
| 090 |
_a7839707 _c7839707 |
||
| 100 | _a20130415d1947 |||y0rusy50 ca | ||
| 101 | 0 | _aeng | |
| 102 | _aRU | ||
| 105 | _ay z ||||| | ||
| 200 | 1 |
_aОстров сокровищ _eПо роману Р. Стивенсона _fОбработка и словарь С.С. Толстого |
|
| 210 |
_aМосква _cИзд-во лит. на иностр. яз. _d1947 _gТип. "Искра революции" _gТип. "Ноор-Эсти" в Тарту |
||
| 215 |
_a82 с. _d20 |
||
| 225 | 1 | _aEasy English | |
| 300 | _aНа обл.: Treasure island. After R. L. Stevenson | ||
| 512 | 0 | _aTreasure island | |
| 606 |
_aАнглийский язык _jКниги для самостоятельного чтения _2psbo |
||
| 608 |
_aПриключенческие романы и рассказы (х. л.) _2psbo |
||
| 700 | 1 |
_aСтивенсон _bР.Л. _f1850-1894 _gРоберт Луи |
|
| 702 | 1 |
_aТолстой _bС.С. _gСергей Сергеевич _4570 |
|
| 801 | 0 |
_aRU _bNLR _gpsbo |
|
| 801 | 1 |
_aRU _bELAR _2rusmarc |
|
| 852 |
_aNLR _jЯ30 Г-4/86 |
||
| 942 | _cBOOK | ||
| 980 | _aNB | ||